| 000 | 00487nam a22001817a 4500 | ||
|---|---|---|---|
| 003 | NUST - PNEC | ||
| 005 | 20170116180806.0 | ||
| 008 | 150422b xxu||||| |||| 00| 0 eng d | ||
| 020 | _a8122405258 | ||
| 040 | _cLIBRARY | ||
| 082 | _a363.700 VAR | ||
| 100 |
_92973 _a SarDesai, D. R |
||
| 245 |
_aEnvironmental challanges _c D. R SarDesai, |
||
| 260 |
_aNew Delhi _bWiley Eastern _cc1993. |
||
| 300 | _a131p. : | ||
| 650 |
_92974 _aSustainable development _xGeneral |
||
| 942 |
_2ddc _cBK |
||
| 999 |
_c63188 _d63188 |
||